|
|
|
|
| LEADER |
00000csc a2200000 a 4500 |
| 001 |
20540-1 |
| 005 |
20230308214617.0 |
| 008 |
987011|1986 ||||||||r|||||||||||spa|| |
| 020 |
|
|
|a 8476052979
|
| 040 |
|
|
|b spa
|
| 041 |
1 |
|
|a spa
|
| 082 |
0 |
|
|a 617
|
| 245 |
|
|
|a Cirugía de cabeza y cuello
|c Jorge A. Merigo traductor
|h imp
|n 1/6
|
| 264 |
|
|
|a México
|b Interamericana
|c 1986
|
| 300 |
|
|
|a VIII, pp 1-229
|b ilu
|
| 300 |
|
|
|c 22x16 cm
|
| 310 |
|
|
|a Bimestral
|
| 490 |
|
|
|a Clínicas Quirúrgicas de Norteamérica
|v volumen 1/6
|
| 504 |
|
|
|a incl. ref.
|
| 650 |
1 |
|
|a Cirugia
|
| 650 |
1 |
|
|a Cabeza
|9 81591
|
| 650 |
1 |
|
|a Cuello
|9 84690
|
| 650 |
|
|
|a Carcinoma de tiroides
|9 298183
|
| 650 |
|
|
|a Carcinoma
|9 87676
|
| 650 |
|
|
|a Tiroides
|9 114828
|
| 650 |
|
|
|a Cáncer
|9 16121
|
| 650 |
|
|
|a Cavidad bucal
|9 89833
|
| 650 |
|
|
|a Glándulas salivales
|9 4593
|
| 650 |
|
|
|a Carcinoma de la lengua
|9 298730
|
| 650 |
|
|
|a Amigdalas
|9 86975
|
| 650 |
|
|
|a Cáncer de la laringe
|9 298731
|
| 650 |
|
|
|a Quimioterapia
|9 2341
|
| 700 |
1 |
|
|a Merigo, Jorge A
|e traductor
|9 216854
|
| 773 |
|
|
|t Cirugía de cabeza y cuello
|
| 852 |
|
|
|a UC-SALUD
|c ESTANTERIA ABIERTA
|f Compra
|k teresa.bermeoh
|l 1
|m General
|p 19870119/20130709
|q S/. 4.016,66
|t 20540-1
|b 0
|d CDRS
|e CDRS
|g 617 ESTANTERIA ABIERTA
|z 1987-70-11
|
| 942 |
|
|
|
| 999 |
|
|
|c 128817
|d 128817
|